00633cam a2200205Ia 4500020001500000040000800015082002600023245005500049260003300104300003800137490003600175500001700211650002000228650001100248650001300259650001400272700003000286710006000316710005100376 a9251046204 cC3L14a597 FAO 2001 A082 Or.00aAsia diagnostic guide to aquatic animal diseases / aRome :bFAO and NACA,cc2001 axii, 237 p. :bcol. ill. ;c26 cm1 aFAO fisheries technical paper ; aRing binding 0aAquatic animals 0aFishes 0aMollusks 0aCrustacea1 aBondard-Reantaso, Melba G2 aFood and Agriculture Organization of the United Nations2 aNetwork of Aquaculture Centres in Asia-Pacific